Efficacy of financial inclusion policies and way ahead / (Record no. 143683)

MARC details
000 -LEADER
fixed length control field 00669nam a22001937a 4500
005 - DATE AND TIME OF LATEST TRANSACTION
control field 20170823123356.0
010 ## - LCCN (DPL NO)
LC control number ENG-119999
020 ## - INTERNATIONAL STANDARD BOOK NUMBER
Terms of availability 500.00
International Standard Book Number 9788185835853
035 ## - SYSTEM CONTROL NUMBER
System control number EN-103531
037 ## - SOURCE OF ACQUISITION
Source of stock number/acquisition DBAD/PUB
082 ## - DEWEY DECIMAL CLASSIFICATION NUMBER
Classification number 332.45
245 ## - TITLE STATEMENT
Title Efficacy of financial inclusion policies and way ahead /
Statement of responsibility, etc edited by Sher Singh Sangwan [and] Gagan Deep
260 ## - PUBLICATION, DISTRIBUTION, ETC. (IMPRINT)
Place of publication, distribution, etc Chandigarh
Name of publisher, distributor, etc Centre for Research in Rural and Industrial Development (CRRID)
Date of publication, distribution, etc 2017
270 ## - ADDRESS
Address Sector-19A, Madhya Marg,
City Chandigarh
Postal code 160019
300 ## - PHYSICAL DESCRIPTION
Extent xx,427p. :
Dimensions 24cm(Hb)
Other physical details ill.
700 ## - ADDED ENTRY--PERSONAL NAME
Personal name Sangwan, Sher Singh
700 ## - ADDED ENTRY--PERSONAL NAME
Personal name Gagan Deep
942 ## - ADDED ENTRY ELEMENTS (KOHA)
Source of classification or shelving scheme Dewey Decimal Classification
Item type English Books
Classification part 332.45
Call number suffix EFF
Holdings
Withdrawn status Lost status Not for loan Collection code Home library Current library Date acquired Source of acquisition Cost, normal purchase price Full call number Barcode Copy number Cost, replacement price Koha item type
      Non-fiction Patel Nagar Patel Nagar 23/08/2017 DBAD/PUB 500.00 332.45 EFF EN-103531 1 500.00 English Books

© Delhi Public Library
Hit Counter
free hit counter